Language Quiz

Random Language or Letter Quiz
Score 0/11 Timer 01:30
2 Plays Today
Hint Answer % Correct
Change the FBlow
97.6%
Change the FGlow
95.5%
Change the FSlow
94.8%
Change the OFlew
94.7%
Change the OFlaw
94.7%
Change the FPlow
90.8%
Change the WFlop
89.4%
Change the WFlog
88.9%
Change the FAlow
86%
Change the LFrow
84.3%
Change the WFloe
84%
Remove Ads.
Support Sporcle.
Get the best of Sporcle when you Go Orange. This ad-free experience offers more features, more stats, and more fun while also helping to support Sporcle. Thank you for becoming a member.

You're not logged in!

Compare scores with friends on all Sporcle quizzes.
OR
Log In

Sporcle TV

Today on Sporcle TV


Watch our educational content, quiz creation guides, and fun videos on Sporcle TV.

Show Comments

Extras

Top Quizzes Today


Score Distribution

Paid Content

Your Account Isn't Verified!

In order to create a playlist on Sporcle, you need to verify the email address you used during registration. Go to your Sporcle Settings to finish the process.

Report this User

Report this user for behavior that violates our Community Guidelines.

Details: